Super Smash Bros. Ultimate: All Items - Statistics

General Stats
  • This quiz has been taken 19 times
  • The average score is 29 of 85
Answer Stats
Series Answer % Correct
Super Smash Bros Assist Trophy
94%
Pokemon Poke Ball
94%
Super Smash Bros. Smash Ball
94%
Super Smash Bros. Food
81%
Pokemon Master Ball
81%
Super Smash Bros. Fake Smash Ball
75%
Mario Super Mushroom
75%
Mario Bob-omb
69%
Donkey Kong Hammer
69%
Super Smash Bros. Crate
63%
Mario Fire Flower
63%
Mario Poison Mushroom
63%
Mario Super Star
63%
Super Smash Bros. Home-Run Bat
56%
Kirby Maxim Tomato
56%
Earthbound Mr. Saturn
56%
Steel Diver Steel Diver
56%
Kirby Warp Star
56%
Mario Banana Peel
50%
Wrecking Crew Golden Hammer
50%
Super Smash Bros. Banana Gun
44%
Super Smash Bros. Barrel
44%
Mario Boomerang
44%
Mario Bullet Bill
44%
Metroid Screw Attack
44%
Super Smash Bros. Beamsword
38%
Legend of Zelda Beetle
38%
Super Smash Bros. Bumper
38%
Kirby Dragoon
38%
Super Smash Bros. Drill
38%
Legend of Zelda Heart Container
38%
Kid Icarus Staff
38%
Kirby Star Rod
38%
Kid Icarus Back Shield
31%
Legend of Zelda Fairy Bottle
31%
Mario Fire Bar
31%
Mario Metal Box
31%
Earthbound Pitfall
31%
Super Smash Bros. Sandbag
31%
Nintendo Super Scope
31%
Kid Icarus X-Bomb
31%
Legend of Zelda Bombchu
25%
Earthbound Franklin Badge
25%
Super Smash Bros. Gooey Bomb
25%
Mario Green Shell
25%
Legend of Zelda Gust Bellows
25%
Super Smash Bros. Rage Blaster
25%
Super Smash Bros. Ray Gun
25%
Super Smash Bros. Rolling Crate
25%
Mario Spiny Shell
25%
Super Smash Bros. Timer
25%
Clu Clu Land Unira
25%
Animal Crossing Beehive
19%
Super Smash Bros. Black Hole
19%
Galaxian Boss Galaga
19%
Legend of Zelda Bunny Hood
19%
Legend of Zelda Cucco
19%
Castlevania Death's Scythe
19%
Legend of Zelda Deku Nut
19%
Super Smash Bros. Healing Field
19%
Fire Emblem Killing Edge
19%
Panel de Pon Lip's Stick
19%
Star Fox Smart Bomb
19%
Super Smash Bros. Smoke Ball
19%
Mario Soccer Ball
19%
Mario Super Leaf
19%
Kirby Super Spicy Curry
19%
Super Smash Bros. Beastball
13%
Kirby Bomber
13%
Super Smash Bros. Capsule
13%
Kid Icarus Daybreak
13%
Mario Freezie
13%
Super Smash Bros. Healing Sprout
13%
Pikmin Hocotate Bomb
13%
Mario Hothead
13%
Kid Icarus Killer Eye
13%
Mario Lightning Bolt
13%
Super Smash Bros. Motion-Sensor Bomb
13%
Super Smash Bros. Party Ball
13%
Earthbound Ramblin' Evil Mushroom
13%
Rally-X Special Flag
13%
Kid Icarus Ore Club
6%
Mario POW Block
6%
Pilotwings Rocket Belt
6%
Mario Super Launcher Star
0%
No matching quizzes found
Score Distribution
Percent of People with Each Score
Percentile by Number Answered
Your Score History
You have not taken this quiz